Daytona 500 Winners - Statistics

General Stats
  • This quiz has been taken 437 times
    16 since last reset
  • The average score is 33 of 67
Answer Stats
Year Car Number Car Make Driver % Correct
2018 3 Chevrolet Austin Dillon
77%
2020 11 Toyota Denny Hamlin
77%
2019 11 Toyota Denny Hamlin
77%
2016 11 Toyota Denny Hamlin
77%
2013 48 Chevrolet Jimmie Johnson
77%
2006 48 Chevrolet Jimmie Johnson
77%
1960 27 Chevrolet Junior Johnson
77%
1959 42 Oldsmobile Lee Petty
77%
1981 43 Buick Richard Petty
77%
1979 43 Oldsmobile Richard Petty
77%
1974 43 Dodge Richard Petty
77%
1973 43 Dodge Richard Petty
77%
1971 43 Plymouth Richard Petty
77%
1966 43 Plymouth Richard Petty
77%
1964 43 Plymouth Richard Petty
77%
2023 47 Chevrolet Ricky Stenhouse Jr
77%
1998 3 Chevrolet Dale Earnhardt
69%
2014 88 Chevrolet Dale Earnhardt Jr
69%
2004 8 Chevrolet Dale Earnhardt Jr
69%
1989 17 Chevrolet Darrell Waltrip
69%
2005 24 Chevrolet Jeff Gordon
69%
1999 24 Chevrolet Jeff Gordon
69%
1997 24 Chevrolet Jeff Gordon
69%
2015 22 Ford Joey Logano
69%
2021 34 Ford Michael McDowell
69%
2017 41 Ford Kurt Busch
62%
2003 15 Chevrolet Michael Waltrip
62%
2001 15 Chevrolet Michael Waltrip
62%
2022 2 Ford Austin Cindric
54%
1987 9 Ford Bill Elliott
54%
1985 9 Ford Bill Elliott
54%
1988 12 Buick Bobby Allison
54%
1982 88 Buick Bobby Allison
54%
1978 15 Ford Bobby Allison
54%
1992 28 Ford Davey Allison
54%
2010 1 Chevrolet Jamie McMurray
54%
2000 88 Ford Dale Jarrett
46%
1996 88 Ford Dale Jarrett
46%
1993 18 Chevrolet Dale Jarrett
46%
1976 21 Mercury David Pearson
46%
2007 29 Chevrolet Kevin Harvick
46%
2012 17 Ford Matt Kenseth
46%
2009 17 Ford Matt Kenseth
46%
2011 21 Ford Trevor Bayne
46%
2008 12 Dodge Ryan Newman
38%
1995 4 Chevrolet Sterling Marlin
38%
1994 4 Chevrolet Sterling Marlin
38%
1990 10 Chevrolet Derrike Cope
31%
2002 22 Dodge Ward Burton
31%
1972 21 Mercury AJ Foyt
23%
1975 72 Chevrolet Benny Parsons
23%
1962 22 Pontiac Fireball Roberts
23%
1967 11 Ford Mario Andretti
23%
1980 28 Oldsmobile Buddy Baker
15%
1984 28 Chevrolet Cale Yarborough
15%
1983 28 Pontiac Cale Yarborough
15%
1977 11 Chevrolet Cale Yarborough
15%
1968 21 Mercury Cale Yarborough
15%
1965 28 Ford Fred Lorenzen
15%
1986 5 Chevrolet Geoffrey Bodine
15%
1969 98 Ford LeeRoy Yarborough
15%
1961 20 Pontiac Marvin Panch
15%
2025 24 Chevrolet William Bryon
15%
2024 24 Chevrolet William Bryon
15%
1991 3 Chevrolet Ernie Irvan
8%
1963 21 Ford Tiny Lund
8%
1970 40 Plymouth Pete Hamilton
0%
No matching quizzes found
Score Distribution
Percent of People with Each Score
Percentile by Number Answered
Your Score History
You have not taken this quiz since the last reset